• 首页
  • 本馆介绍
  • 公告通知
  • 最新文献
  • 馆藏检索
  • 电子资源
  • 读者导购
  • 参考咨询
  • 我的图书馆
  • 登录
  • 详细信息显示
  • 放入我的书架
  • 预约/预借图书
  • 作者相关作品
  • 分类相关作品
  • 丛书相关作品
  • 出版社相关作品

书目信息

  • 表格格式
  • 工作单格式
  • 卡片格式
题名:
创造力的培养
    
 
作者: 李毅红 著
分册:  
出版信息: 北京   北京大学出版社  1998
页数: 229页
开本: 20cm
丛书名: 北京大学德育丛书
单 册:
中图分类: D4
科图分类:
主题词: 农民运动 , 农艺组织 , 青年运动 , 青年组织 , 妇女运动 , 工人运动 , 工人群众组织 , 妇女组织
电子资源:
ISBN: 7-301-03739-2
000 00750nam0 2200289 450
001 0732828906
005 20070903090708.90
010    @a7-301-03739-2@d¥11.50
100    @a20070903d km y0chiy0120 ea
101 0  @achi
200 1  @a创造力的培养@Achuang zao li de pei yang@f李毅红著@Fli yi hong zhu
210    @a北京@c北京大学出版社@d1998
215    @a229页@d20cm
225 2  @a北京大学德育丛书
410  0 @12001 @a北京大学德育丛书
606 0  @a农民运动
606 0  @a农艺组织
606 0  @a青年运动
606 0  @a青年组织
606 0  @a妇女运动
606 0  @a工人运动
606 0  @a工人群众组织
606 0  @a妇女组织
690    @aD4@v3
701  0 @a李毅红@Ali yi hong@4著
801  0 @aCN@bPFT@c20070903
905    @a213230@dD4@eS3@f1
    
    创造力的培养/李毅红著.-北京:北京大学出版社,1998
    229页;20cm.-(北京大学德育丛书)
    
    
    ISBN 7-301-03739-2:¥11.50
    
●
相关链接 在E读中查询图书 在五车中查询图书 在当当中查询图书 在豆瓣中查询图书


正题名:创造力的培养     索取号:D4/S3         预约/预借

序号 登录号 条形码 馆藏地/架位号 状态 备注
1 6704468   267044682   密集书库-数信学院/ [索取号:D4/S3] 在馆    
唐山师范学院图书馆 欢迎您!
大连网信软件有限公司© 版权所有